| 000 | 01089nam a2200241 a 4500 | ||
|---|---|---|---|
| 008 | 101104s2010 ||||||||||||||||| || u | ||
| 020 | _a9781584888208 | ||
| 020 | _a9781584888222 | ||
| 050 | _aQA 76.9.A43 Alg | ||
| 100 | _aAtallah, Mikhail J | ||
| 245 | 1 | 0 |
_aAlgorithms and theory of computation handbook: v.1. General concepts and techniques.-- v.2. Special topics and techniques. (2nd ed.) _cedited by Mikhail J. Atallah, Marina Blanton |
| 250 | _a2nd ed. | ||
| 260 |
_aLondon: _bCRC Press _c2010 |
||
| 300 | _a2v. [variant pagings].: ill. | ||
| 350 | _a0.00 | ||
| 650 | _aCOMPUTER SCIENCE | ||
| 650 | 0 | _aCOMPUTATIONAL COMPLEXITY | |
| 650 | _aCOMPUTERS | ||
| 650 | _aCOMPUTER ALGORITHMS | ||
| 700 | _aBlanton, Marina | ||
| 995 |
_aMAIN LIBRARY OPEN ACCESS _D0.00 _e742151 _FCBU-MAIN LIBRARY (Kitwe) _H1 _I0.00 _jQA 76.9.A43 ALG _M1 _UAVAILABLE _WNov 16, 2010 _y742151 _ZMain Library Open Access Collection |
||
| 995 |
_aMAIN LIBRARY OPEN ACCESS _D0.00 _e742149 _FCBU-MAIN LIBRARY (Kitwe) _H1 _I0.00 _jQA 76.9.A43 ALG _M2 _UAVAILABLE _WNov 16, 2010 _y742149 _ZMain Library Open Access Collection |
||
| 999 |
_c83888 _d83888 |
||